01109 2200445 4500001002100000005001500021035002000036008004100056245010800097100002000205700002400225700001800249260002600267300003100293020001800324084001600342082001000358650001800368250001000386500003900396990001200435990001200447990001200459990001200471990001200483990001200495990001200507990001200519990001200531990001200543990001200555990001200567990001200579990001200591990001200603990001200615990001200627990001200639990001200651INLIS00000000001628220230531114619 a0010-0523000042230531 e 1 ind 1 aNight Patrol Teacher Vol.7 /cSeiki Tsuchida; alih bahasa, Ayu Arsandhi Patty; penyunting, Mustika Arum aTSUCHIDA, Seiki aAYU, Arsandhi Patty0 aMUSTIKA, Arum aJakarta :bM&C,c2019 a192 hal. :bilus. ;c17 cm a9786024805371 a741.5 TSU n a741.5 4aKOMIK. BACAAN acet.1 aJudul asli : Yomawari Sensei Vol.7 a11083 a a11083 b a11083 c a11083 d a11083 e a11083 f a11083 g a11083 h a11083 i a11083 j a11083 k a11083 l a11083 m a11083 n a11083 o a11083 p a11083 q a11083 r a11083 s